000 00944nam a22002177a 4500
003 OSt
005 20260312053716.0
008 260312b |||||||| |||| 00| 0 eng d
020 _a0-553-21317-2
040 _aDWCL GS lib
_cOC
082 _aM767a 1998
100 _aMONTGOMERY, L.M
245 _aAnne of the Island
_cL.M. MONTGOMERY
260 _aNew York
_bBantam Books
_c1998
300 _a243 p
_c17cm
520 _afollows Anne Shirley through her four years at Redmond College in Kingsport, where she pursues a B.A.. Leaving behind her childhood in Avonlea, she experiences personal growth, friendship, career aspirations, and romantic challenges, including rejecting proposals and realizing her love for Gilbert Blythe
650 _amarking her transition from adolescence to young adulthood. During her four years at college
650 _a self-discovery and accepting reality.
700 _aL.M. MONTGOMERY
942 _2ddc
_cFIC.
_n0
999 _c9026
_d9026